[Event "Girona Tardor op 4th"]
[Site "Girona"]
[Date "2020.09.22"]
[Round "3"]
[White "Romera Fernandez, Manel"]
[Black "Lambier Cornella, Jaume"]
[Result "1/2-1/2"]
[WhiteElo "1427"]
[BlackElo "1440"]
[PlyCount "84"]
[EventDate "2020.09.15"]
[EventType "swiss"]
[EventRounds "8"]
[EventCountry "ESP"]
[SourceTitle "EXT 2022"]
[Source "ChessBase"]
[SourceDate "2021.10.06"]
[SourceVersion "1"]
[SourceVersionDate "2021.10.06"]
[SourceQuality "1"]

1. Nf3 e6 2. b3 d5 3. Bb2 c5 4. d3 Nf6 5. Nbd2 Be7 6. g3 Nc6 7. Bg2 b5 8. c4 b4 9. 0-0 0-0 10. a3 a5 11. a4 Bb7 12. Rc1 h6 13. cxd5 exd5 14. Bxf6 Bxf6 15. Rxc5 Bc3 16. Qc2 Qd6 17. Rxc3 bxc3 18. Qxc3 Rac8 19. Qb2 Rfe8 20. Re1 f6 21. Nf1 Nb4 22. Ne3 Qb6 23. Qd4 Qxd4 24. Nxd4 Rc3 25. Nb5 Rxb3 26. Nd6 Re7 27. Nxb7 Rxb7 28. Nxd5 Rd7 29. Nxb4 Rxb4 30. Bc6 Re7 31. Bb5 Rb2 32. d4 Rd2 33. e3 Rc7 34. Kg2 Kf8 35. Kf3 Rcc2 36. Rf1 Ke7 37. h4 Rc3 38. g4 Rxd4 39. Rg1 Rd5 40. g5 fxg5 41. hxg5 hxg5 42. Rg4 Rc2 1/2-1/2

[Event "Santa Eugenia op 14th"]
[Site "Girona"]
[Date "2019.07.29"]
[Round "1"]
[White "Vinolas Anglada, Laura"]
[Black "Romera Fernandez, Manel"]
[Result "1-0"]
[WhiteElo "1795"]
[BlackElo "1470"]
[PlyCount "97"]
[EventDate "2019.07.29"]
[EventType "swiss"]
[EventRounds "9"]
[EventCountry "ESP"]
[SourceTitle "EXT 2020"]
[Source "ChessBase"]
[SourceDate "2019.10.17"]
[SourceVersion "1"]
[SourceVersionDate "2019.10.17"]
[SourceQuality "1"]

1. e4 d6 2. d4 Nf6 3. Nc3 g6 4. Bg5 Bg7 5. e5 dxe5 6. dxe5 Qxd1+ 7. Rxd1 Nfd7 8. f4 e6 9. Nb5 Na6 10. Nh3 0-0 11. a3 Nb6 12. c4 Bd7 13. Nc3 c5 14. Ne4 Bc6 15. Nhf2 Nd7 16. Nd6 f6 17. exf6 Bxf6 18. Bh6 Bg7 19. Bxg7 Kxg7 20. Nxb7 Bxb7 21. Rxd7+ Rf7 22. Rxf7+ Kxf7 23. Rg1 Rd8 24. g3 Rd4 25. b3 Be4 26. Nxe4 Rxe4+ 27. Kf2 Rd4 28. Be2 Ke7 29. Rd1 Rxd1 30. Bxd1 Kd6 31. Ke3 Nc7 32. Ke4 a5 33. g4 Ne8 34. g5 Ng7 35. Bg4 Ne8 36. Ke3 Nc7 37. h4 Ne8 38. h5 Ng7 39. hxg6 hxg6 40. Ke4 Nf5 41. Bxf5 exf5+ 42. Kd3 Kc6 43. Kc3 Kb6 44. b4 a4 45. bxc5+ Kxc5 46. Kd3 Kc6 47. Kd4 Kd6 48. c5+ Kc6 49. Kc4 1-0

[Event "Girona Gerunda op"]
[Site "Girona"]
[Date "2018.09.25"]
[Round "1"]
[White "Romera Fernandez, Manel"]
[Black "Diaz Comas, Jordi"]
[Result "0-1"]
[WhiteElo "1734"]
[BlackElo "2049"]
[PlyCount "72"]
[EventDate "2018.09.25"]
[EventType "swiss"]
[EventRounds "9"]
[EventCountry "ESP"]
[SourceTitle "EXT 2020"]
[Source "ChessBase"]
[SourceDate "2019.10.17"]
[SourceVersion "1"]
[SourceVersionDate "2019.10.17"]
[SourceQuality "1"]

1. Nf3 d6 2. b3 Bg4 3. Bb2 e6 4. d3 Nf6 5. Nbd2 Be7 6. c4 c5 7. g3 Nc6 8. Bg2 0-0 9. 0-0 d5 10. cxd5 exd5 11. d4 b6 12. Re1 Rc8 13. dxc5 bxc5 14. Ne5 Nxe5 15. Bxe5 Qd7 16. Bxf6 Bxf6 17. Rc1 Rfe8 18. Nf3 h6 19. Rc2 Bf5 20. Rd2 Be4 21. Qc1 Qb7 22. Red1 Qb4 23. Ne1 Bc3 24. Bxe4 Bxd2 25. Bh7+ Kxh7 26. Qc2+ Qe4 27. Qxe4+ Rxe4 28. Rxd2 d4 29. Nd3 c4 30. bxc4 Rxc4 31. Rb2 Re7 32. Kg2 Rec7 33. Kf3 Rc2 34. Rb4 R2c4 35. Rb2 a5 36. Ke4 Rc2 0-1

[Event "Girona Gerunda op1st"]
[Site "Girona"]
[Date "2017.11.14"]
[Round "6"]
[White "Romera Fernandez, Manel"]
[Black "Cuerda Quintana, Antoni"]
[Result "0-1"]
[WhiteElo "1749"]
[BlackElo "1665"]
[PlyCount "60"]
[EventDate "2017.09.26"]
[EventType "swiss"]
[EventRounds "9"]
[EventCountry "ESP"]
[SourceTitle "EXT 2019"]
[Source "ChessBase"]
[SourceDate "2018.10.10"]
[SourceVersion "1"]
[SourceVersionDate "2018.10.10"]
[SourceQuality "1"]

1. Nf3 d5 2. b3 Nc6 3. Bb2 Bf5 4. g3 e6 5. Bg2 Nf6 6. d3 Bd6 7. Nbd2 0-0 8. 0-0 Re8 9. Re1 e5 10. c4 d4 11. Nf1 Qd7 12. Nh4 Bb4 13. Nd2 Bh3 14. a3 Bd6 15. Bh1 g5 16. Ng2 Qf5 17. Nf1 e4 18. dxe4 Nxe4 19. f3 Nc3 20. Qd3 Nxe2+ 21. Qxe2 Rxe2 22. Rxe2 Qxf3 23. Rae1 f6 24. Rf2 Qxb3 25. Bc1 Bc5 26. Rxf6 d3+ 27. Nfe3 Bxg2 28. Bxg2 Qc3 29. Bd5+ Kh8 30. Ref1 d2 0-1

[Event "Santa Eugenia op 10th"]
[Site "Santa Eugenia"]
[Date "2015.??.??"]
[Round "8"]
[White "Herce Carrera, Javier"]
[Black "Romera Fernandez, Manel"]
[Result "1/2-1/2"]
[WhiteElo "1676"]
[BlackElo "1740"]
[PlyCount "51"]
[EventDate "2015.04.17"]
[EventType "swiss"]
[EventRounds "9"]
[EventCountry "ESP"]
[SourceTitle "EXT 2016"]
[Source "ChessBase"]
[SourceDate "2015.10.08"]
[SourceVersion "1"]
[SourceVersionDate "2015.10.08"]
[SourceQuality "1"]

1. e4 d6 2. d4 Nf6 3. Nf3 Nxe4 4. Bd3 Nf6 5. 0-0 Bg4 6. Bg5 Nbd7 7. Nbd2 g6 8. c3 Bg7 9. Re1 0-0 10. h3 Bxf3 11. Qxf3 c6 12. Re2 Re8 13. Rae1 d5 14. Re3 Nf8 15. Qe2 Ne6 16. Nf3 Nxg5 17. Nxg5 e6 18. f4 Bh6 19. g4 Bxg5 20. fxg5 Ne4 21. Bxe4 dxe4 22. Rxe4 Qxg5 23. Qf2 Rf8 24. h4 Qd5 25. b3 Rae8 26. Re5 1/2-1/2

[Event "Santa Eugenia op 8th"]
[Site "Girona"]
[Date "2013.08.??"]
[Round "7.6"]
[White "Burset Camps, Guillem"]
[Black "Romera Fernandez, Manel"]
[Result "1-0"]
[WhiteElo "1698"]
[BlackElo "1506"]
[PlyCount "65"]
[EventDate "2013.08.19"]
[EventType "swiss"]
[EventRounds "9"]
[EventCountry "ESP"]
[SourceTitle "EXT 2024"]
[Source "ChessBase"]
[SourceDate "2023.10.10"]
[SourceVersion "1"]
[SourceVersionDate "2023.10.10"]
[SourceQuality "1"]

1. d4 d5 2. Nf3 Nf6 3. c4 e6 4. Bg5 Be7 5. e3 c6 6. Nc3 Nbd7 7. Rc1 b6 8. cxd5 cxd5 9. Bd3 Bb7 10. 0-0 h6 11. Bh4 0-0 12. h3 Ne8 13. Bxe7 Qxe7 14. Bb1 Nef6 15. Ne2 Rac8 16. Qd3 Rxc1 17. Rxc1 Rc8 18. Rxc8+ Bxc8 19. Ne5 Bb7 20. Nf4 Nf8 21. Qc2 Qb4 22. Nfd3 Qd6 23. a3 Qb8 24. Nb4 Qd8 25. Nbc6 Bxc6 26. Qxc6 N6d7 27. Nf3 Nf6 28. Bd3 Qd7 29. Qa8 Qc7 30. Ne5 Qc1+ 31. Kh2 Qxb2 32. Qxa7 Qxf2 33. Qxf7+ 1-0

[Event "Santa Eugenia op 7th"]
[Site "Santa Eugenia"]
[Date "2013.02.08"]
[Round "5"]
[White "Romera Fernandez, Manel"]
[Black "Clos Buxeda, Antoni"]
[Result "0-1"]
[WhiteElo "1522"]
[BlackElo "1602"]
[PlyCount "110"]
[EventDate "2013.01.11"]
[EventType "swiss"]
[EventRounds "9"]
[EventCountry "ESP"]
[SourceTitle "EXT 2014"]
[Source "ChessBase"]
[SourceDate "2013.11.20"]
[SourceVersion "1"]
[SourceVersionDate "2013.11.20"]
[SourceQuality "1"]

1. Nf3 e6 2. b3 d5 3. Bb2 Nf6 4. g3 Nbd7 5. Bg2 Bd6 6. 0-0 b6 7. d3 Bb7 8. c4 0-0 9. Nbd2 Qe7 10. a3 Rfe8 11. Re1 e5 12. cxd5 Nxd5 13. Nc4 a5 14. Nxd6 cxd6 15. Nd2 Rac8 16. Rc1 Ba8 17. Rxc8 Rxc8 18. Qa1 N5f6 19. Rc1 Rxc1+ 20. Qxc1 Bxg2 21. Kxg2 Nc5 22. Qc4 Qb7+ 23. f3 b5 24. Qc3 b4 25. axb4 Nd5 26. Qc1 Nxb4 27. Bxe5 Ncxd3 28. exd3 Nxd3 29. Qc3 Nxe5 30. Qxa5 h6 31. b4 Nc6 32. Qd5 Qxb4 33. Qxc6 Qxd2+ 34. Kh3 Kh7 35. Qe4+ g6 36. f4 Qd1 37. Qe7 Qh5+ 38. Kg2 Qd5+ 39. Kh3 Kg7 40. Qe3 Qe6+ 41. Qxe6 fxe6 42. Kg2 Kf6 43. Kf3 g5 44. Ke4 d5+ 45. Kd4 g4 46. Ke3 e5 47. fxe5+ Kxe5 48. Kd3 d4 49. Kd2 Ke4 50. Ke2 d3+ 51. Kd2 Kd4 52. Kd1 Kc3 53. Kc1 d2+ 54. Kd1 h5 55. Ke2 Kc2 0-1

[Event "Santa Eugenia op 7th"]
[Site "Santa Eugenia"]
[Date "2013.01.25"]
[Round "3"]
[White "Vidal Palou, Jordi"]
[Black "Romera Fernandez, Manel"]
[Result "1-0"]
[WhiteElo "1672"]
[BlackElo "1522"]
[PlyCount "61"]
[EventDate "2013.01.11"]
[EventType "swiss"]
[EventRounds "9"]
[EventCountry "ESP"]
[SourceTitle "EXT 2014"]
[Source "ChessBase"]
[SourceDate "2013.11.20"]
[SourceVersion "1"]
[SourceVersionDate "2013.11.20"]
[SourceQuality "1"]

1. d4 d5 2. Bf4 e6 3. Nf3 Nf6 4. h3 Bd6 5. Bxd6 Qxd6 6. c3 0-0 7. e3 Nbd7 8. Bd3 Qe7 9. Nbd2 b6 10. Ne5 Nxe5 11. dxe5 Nd7 12. Nf3 f6 13. exf6 Rxf6 14. Qc2 g6 15. Nh2 Bb7 16. Ng4 Rff8 17. 0-0-0 c5 18. f3 a5 19. Bb5 Nf6 20. Kb1 Nxg4 21. hxg4 c4 22. Rh6 Qg7 23. Rdh1 Rf6 24. Rxh7 Qxh7 25. Rxh7 Kxh7 26. Qd2 Kg7 27. Qd4 g5 28. Qxb6 Rf7 29. Qxe6 Bc8 30. Qe5+ Kg6 31. Be8 1-0

[Event "Olot Volcans op 3rd"]
[Site "Olot"]
[Date "2012.06.02"]
[Round "4"]
[White "Sanchez, Marina"]
[Black "Romera Fernandez, Manel"]
[Result "0-1"]
[WhiteElo "1700"]
[BlackElo "1784"]
[PlyCount "60"]
[EventDate "2012.05.26"]
[EventType "swiss"]
[EventRounds "8"]
[EventCountry "ESP"]
[SourceTitle "CBM 148 Extra"]
[Source "ChessBase"]
[SourceDate "2012.06.22"]
[SourceVersion "1"]
[SourceVersionDate "2012.06.22"]
[SourceQuality "1"]

1. e4 d6 2. g3 Nf6 3. d3 g6 4. Bg2 Bg7 5. Nf3 0-0 6. e5 dxe5 7. Nxe5 Nbd7 8. Bf4 Nxe5 9. Bxe5 c6 10. Bxf6 Bxf6 11. 0-0 Bxb2 12. Qd2 Bxa1 13. Be4 Bg7 14. Nc3 Bxc3 15. Qxc3 Be6 16. Qd2 Qd6 17. Qh6 Qe5 18. h4 Qg7 19. Qg5 f5 20. Bf3 Bxa2 21. g4 Bd5 22. Bxd5+ cxd5 23. gxf5 gxf5 24. Qxg7+ Kxg7 25. Re1 Kf6 26. d4 Rg8+ 27. Kf1 Rg4 28. Re5 Rxd4 29. Rxf5+ Kxf5 30. c3 Rxh4 0-1

[Event "Olot Volcans op 3rd"]
[Site "Olot"]
[Date "2012.05.26"]
[Round "1"]
[White "Sobrerroca Basaganas, Josep"]
[Black "Romera Fernandez, Manel"]
[Result "1-0"]
[WhiteElo "2096"]
[BlackElo "1784"]
[PlyCount "53"]
[EventDate "2012.05.26"]
[EventType "swiss"]
[EventRounds "8"]
[EventCountry "ESP"]
[SourceTitle "CBM 148 Extra"]
[Source "ChessBase"]
[SourceDate "2012.06.22"]
[SourceVersion "1"]
[SourceVersionDate "2012.06.22"]
[SourceQuality "1"]

1. e4 d6 2. Nc3 Nf6 3. g3 g6 4. d3 Bg7 5. Bg2 0-0 6. h3 c5 7. Be3 Qc7 8. Qd2 Bh8 9. Nge2 Nbd7 10. 0-0 a6 11. f4 Rb8 12. g4 b5 13. Ng3 Bb7 14. Nd1 e5 15. f5 Qd8 16. Nf2 Rc8 17. g5 Ne8 18. f6 a5 19. Ng4 Bxf6 20. gxf6 Nexf6 21. Bg5 Nxe4 22. Nxe4 Qc7 23. Bh6 Rfd8 24. Nef6+ Nxf6 25. Nxf6+ Kh8 26. Bf8 Bxg2 27. Qh6 1-0